<?xml version="1.0" encoding="UTF-8"?>
<record
    xmlns:xsi="http://www.w3.org/2001/XMLSchema-instance"
    xsi:schemaLocation="http://www.loc.gov/MARC21/slim http://www.loc.gov/standards/marcxml/schema/MARC21slim.xsd"
    xmlns="http://www.loc.gov/MARC21/slim">

  <leader>01468nam a22001937a 4500</leader>
  <controlfield tag="005">20220624181533.0</controlfield>
  <controlfield tag="008">220624b        |||||||| |||| 00| 0 eng d</controlfield>
  <datafield tag="040" ind1=" " ind2=" ">
    <subfield code="c">Biblioteca Lado V</subfield>
  </datafield>
  <datafield tag="082" ind1=" " ind2=" ">
    <subfield code="a">700.103</subfield>
    <subfield code="b">K17k</subfield>
  </datafield>
  <datafield tag="100" ind1=" " ind2=" ">
    <subfield code="a">Kaqjay Moloj</subfield>
  </datafield>
  <datafield tag="110" ind1=" " ind2=" ">
    <subfield code="a">Lamoyi, Carla (edici&#xF3;n)</subfield>
  </datafield>
  <datafield tag="245" ind1=" " ind2=" ">
    <subfield code="a">Kaqjay (2006- ///)</subfield>
  </datafield>
  <datafield tag="260" ind1=" " ind2=" ">
    <subfield code="a">Ciudad de M&#xE9;xico</subfield>
    <subfield code="b">FIEBRE Ediciones</subfield>
    <subfield code="c">2018</subfield>
  </datafield>
  <datafield tag="300" ind1=" " ind2=" ">
    <subfield code="a">190 p.</subfield>
    <subfield code="b">il. (col)</subfield>
    <subfield code="c">21 x 15 cm</subfield>
  </datafield>
  <datafield tag="505" ind1=" " ind2=" ">
    <subfield code="t">Kaqjay Moloj: el museo como idea</subfield>
    <subfield code="r">FIEBRE Ediciones</subfield>
    <subfield code="t">Ri qatzij, ri qak&#xB4;aslem pa qatinamit La historia de Patzic&#xED;a: Pensar el pasado y el presente desde la comunidad </subfield>
    <subfield code="r">Kaqjay Moloj</subfield>
    <subfield code="t">El archivo hist&#xF3;rico municipal de Patzic&#xED;a</subfield>
    <subfield code="t">Aj ru solonel, aj ru kemonel ri ojer tzij, ri k`aslem</subfield>
    <subfield code="r">Eddy Toc&#xF3;n</subfield>
    <subfield code="t">Objeto antig&#xFC;o: diversas narrativas sobre el pasado de Cerrito Asunci&#xF3;n y Kaqjay</subfield>
    <subfield code="r">Comunidad Kaqchikel de investigaci&#xF3;n</subfield>
    <subfield code="t">El colectivo Kaqjay Moloj: la construcci&#xF3;n local de la memoria y el imaginario del futuro</subfield>
    <subfield code="r">Beatriz Cortez</subfield>
    <subfield code="t">Vida y memoria de Patzic&#xED;a (&#xED;ndice fotogr&#xE1;fico)</subfield>
    <subfield code="t">Museo Comunitario de Kaqjay: conociendo desde la comunidad y nuevas formas de colaboraci&#xF3;n </subfield>
    <subfield code="r">Douglas Carranza Mena</subfield>
    <subfield code="t">Bibliograf&#xED;a de la memoria</subfield>
    <subfield code="t">Agradecimientos</subfield>
    <subfield code="t">Colaboradores</subfield>
    <subfield code="t">V&#xED;ctimas del conflicto armado </subfield>
  </datafield>
  <datafield tag="650" ind1=" " ind2=" ">
    <subfield code="x">arte contempor&#xE1;neo </subfield>
    <subfield code="x">arte - efectos sociales - pol&#xED;tica</subfield>
    <subfield code="x">arte - efectos sociales - violencia </subfield>
    <subfield code="x">arte - efectos sociales - Latinoam&#xE9;rica - 1980 </subfield>
    <subfield code="x">arte - Latinoam&#xE9;rica </subfield>
  </datafield>
  <datafield tag="700" ind1=" " ind2=" ">
    <subfield code="a">Medina, Antonio (edici&#xF3;n)</subfield>
  </datafield>
  <datafield tag="942" ind1=" " ind2=" ">
    <subfield code="2">ddc</subfield>
    <subfield code="c">1</subfield>
    <subfield code="n">0</subfield>
  </datafield>
  <datafield tag="999" ind1=" " ind2=" ">
    <subfield code="c">1911</subfield>
    <subfield code="d">1911</subfield>
  </datafield>
  <datafield tag="952" ind1=" " ind2=" ">
    <subfield code="0">0</subfield>
    <subfield code="1">0</subfield>
    <subfield code="2">ddc</subfield>
    <subfield code="4">0</subfield>
    <subfield code="7">0</subfield>
    <subfield code="a">LV</subfield>
    <subfield code="b">LV</subfield>
    <subfield code="d">2022-06-24</subfield>
    <subfield code="l">0</subfield>
    <subfield code="o">700.103 K17k</subfield>
    <subfield code="p">004846</subfield>
    <subfield code="r">2022-06-24 00:00:00</subfield>
    <subfield code="w">2022-06-24</subfield>
    <subfield code="y">1</subfield>
  </datafield>
</record>
